I Hate The Way I Look Today. - RAYE (Lyrics) - Statistics

General Stats
  • This quiz has been taken 2 times
  • The average score is 422 of 439
Answer Stats
Answer % Correct
a
100%
accept
100%
admit,
100%
affirmation
100%
airs
100%
all
100%
an
100%
and
100%
And
100%
are
100%
arms
100%
as
100%
at
100%
basic
100%
be
100%
beautiful
100%
Beautiful,
100%
because
100%
been
100%
believe
100%
Blevins
100%
block
100%
boys
100%
But
100%
called
100%
can
100%
can't
100%
change
100%
cried
100%
cup
100%
delete
100%
destructive
100%
detest
100%
disgraces
100%
do
100%
down
100%
everyone
100%
face
100%
fake
100%
fret
100%
Get
100%
girls
100%
girl's
100%
give
100%
given
100%
giving
100%
got
100%
grip,
100%
harder
100%
Hate
100%
hate
100%
hates
100%
have
100%
I
100%
if
100%
If
100%
I'll
100%
I'm
100%
in,
100%
into
100%
is
100%
it
100%
it's
100%
It's
100%
I've
100%
just
100%
Know
100%
learn,
100%
legs
100%
let
100%
lets
100%
like
100%
little
100%
loathing
100%
lonely
100%
Look
100%
look
100%
looked
100%
looks
100%
love
100%
low,
100%
Man,
100%
maybe
100%
me,
100%
me
100%
mean
100%
mind
100%
mine
100%
mirror
100%
miserable
100%
more
100%
must
100%
my
100%
My
100%
myself,
100%
myself
100%
never
100%
nice,
100%
nice
100%
not
100%
now
100%
of
100%
Oh,
100%
(oh,
100%
oh,
100%
oh)
100%
okay
100%
Okay,
100%
on
100%
only
100%
Only
100%
pay
100%
places?
100%
plain,
100%
please)
100%
positive
100%
pretty
100%
realise
100%
rearrange
100%
repeat
100%
sad
100%
said
100%
saxophone,
100%
say
100%
See,
100%
seems
100%
self-
100%
Self-
100%
shame
100%
(she
100%
she
100%
She
100%
She'll
100%
should
100%
shower
100%
sigh
100%
simple
100%
skinny
100%
so
100%
So
100%
some
100%
somehow
100%
someone
100%
song
100%
sounds
100%
state
100%
such
100%
talk
100%
tea
100%
That
100%
that
100%
that's
100%
The
100%
the
100%
then
100%
think
100%
This
100%
this
100%
this,
100%
Though
100%
thoughts,
100%
till
100%
time
100%
time,
100%
to
100%
To
100%
Today
100%
today
100%
today,
100%
Today,
100%
tonight)
100%
tonight,
100%
Tonight
100%
tonight
100%
trade
100%
train
100%
true
100%
try
100%
unfortunate
100%
unkind
100%
was
100%
wash
100%
Way
100%
way
100%
we
100%
what
100%
what?
100%
when
100%
Why
100%
why
100%
wicked
100%
with
100%
With
100%
wonder
100%
Words
100%
words
100%
work
100%
wreck
100%
Yeah,
100%
yeah,
100%
yeah
100%
you
100%
You
100%
yourself
100%
Graeme
50%
guys
50%
insult me,
50%
isn't
50%
ooh,
50%
shake
50%
silly
50%
Well,
50%
will
50%
woo
50%
woo,
50%
Alright,
0%
Da-
0%
da-
0%
da
0%
There's
0%
turn
0%
(Uh,
0%
up,
0%
wow,
0%
wow
0%
No matching quizzes found
Score Distribution
Percent of People with Each Score
Percentile by Number Answered
Your Score History
You have not taken this quiz